MONEY IN THE BANK (Record no. 366065)

MARC details
000 -LEADER
fixed length control field 00355nam a2200145Ia 4500
008 - FIXED-LENGTH DATA ELEMENTS--GENERAL INFORMATION
fixed length control field 100122s9999 xx 000 0 und d
082 ## - DEWEY DECIMAL CLASSIFICATION NUMBER
Item number 19788
Classification number 823
100 ## - MAIN ENTRY--PERSONAL NAME
Personal name WADEHOUSE P G
245 ## - TITLE STATEMENT
Title MONEY IN THE BANK
260 ## - PUBLICATION, DISTRIBUTION, ETC. (IMPRINT)
Name of publisher, distributor, etc A HERBERT JENKINS BOOK
Date of publication, distribution, etc 1963
300 ## - PHYSICAL DESCRIPTION
Extent 253
630 ## - SUBJECT ADDED ENTRY--UNIFORM TITLE
Uniform title MONEY IN THE BANK
730 ## - ADDED ENTRY--UNIFORM TITLE
Uniform title MONEY IN THE BANK
942 ## - ADDED ENTRY ELEMENTS (KOHA)
Koha item type Book
Holdings
Withdrawn status Lost status Damaged status Not for loan Home library Current library Date acquired Cost, normal purchase price Total Checkouts Full call number Barcode Date last seen Cost, replacement price Price effective from Koha item type Public note
        S.V. Pathak Library, Vile Parle S.V. Pathak Library, Vile Parle 01/17/1974 40.00   19788 SVPPARLE-19788 01/25/2010 40.00 01/25/2010 Book "7)रद्द, , General, Cancelled"